000 00966nam a22002893a 4500
001 45770
003 UkOxU
005 20150908150157.0
008 110316s2012 njua b 001 0 eng d
015 _aGBB137771
_2bnb
020 _a9780205176793 (pbk.) :
_c£48.99
020 _a0205176798 (pbk.) :
_c£48.99
035 _a(Uk)015776979
035 _a(UkOxU)UkOxUw15725296
040 _aDDC
_beng
_cDDC
_dDDC
082 0 4 _a361.32
_29th ed.
100 1 0 _aSheafor, Bradford W.
245 1 0 _aTechniques and guidelines for social work practice /
_cBradford W. Sheafor, Charles R. Horejsi.
250 _a9th ed., International ed.
260 _aUpper Saddle River, N.J. :
_bAllyn & Bacon/Pearson,
_c2012.
300 _axv, 482 p. :
_bill. ;
_c26 cm.
504 _aIncludes appendices, bibliographical references and indexes.
650 0 _aSocial service
_zUnited States.
700 1 _aHorejsi, Charles R.
942 _2ddc
_cBK
999 _c4524
_d4524